Problémy ekonomickej analýzy kvality

Zvýšená pozornosť sa venuje kvalite, aby firma získala certifikát kvality, hlavne zo zahraničia. Kvalita je rozhodujúci prostriedok, ktorým sa firma môže presadiť aj na svetových trhoch. Ekonomická analýza kvality. Kvalita a trhová úspešnosť. Kvalita a kvantita. Kvalita a prosperita výrobcu. Kvalita...

Descrizione completa

Salvato in:
Dettagli Bibliografici
Autore principale: Leščišin, Michal
Natura: Capitolo di libro
Lingua:slovacco
Soggetti:
Tags: Aggiungi Tag
Nessun Tag, puoi essere il primo ad aggiungerne!!

MARC

LEADER 00000naa a2200000 4500
001 r025873
005 20230825100542.2
041 0 |a slo 
044 |a SK 
245 1 0 |a Problémy ekonomickej analýzy kvality  |c Michal Leščišin 
520 |a Zvýšená pozornosť sa venuje kvalite, aby firma získala certifikát kvality, hlavne zo zahraničia. Kvalita je rozhodujúci prostriedok, ktorým sa firma môže presadiť aj na svetových trhoch. Ekonomická analýza kvality. Kvalita a trhová úspešnosť. Kvalita a kvantita. Kvalita a prosperita výrobcu. Kvalita a prosperita zákazníka. Kvalita a perspektívnosť firmy. 
610 2 0 |a kvalita 
610 2 0 |a analýza ekonomická 
610 2 0 |a certifikáty 
610 2 0 |a TQM 
610 2 0 |a efektívnosť výroby 
610 2 0 |a náklady 
610 2 0 |a firmy 
610 2 0 |a kvalita výrobkov 
610 2 0 |a zákazníci 
100 1 |a Leščišin, Michal